000 00270nam a2200121 a 4500
008 101025s1986|||| d
245 1 0 _aKameň a váhy
100 1 _aLins, Osman
044 _axo
_cSK
041 _aslo
020 _c26
260 _bTatran
_c1986
_aBratislava
999 _c12141
_d12141